| 000 | 00714nam a22002297a 4500 | ||
|---|---|---|---|
| 999 |
_c868 _d868 |
||
| 003 | OSt | ||
| 005 | 20191125123110.0 | ||
| 008 | 150112b xxu||||| |||| 00| 0 eng d | ||
| 020 | _a9780721601892 | ||
| 020 | _a100721601898 | ||
| 040 | _cDNLM | ||
| 082 | _aQY 4 B95t 2006 | ||
| 100 |
_aEdited by Carl, A.Burtis; Edward, R. Ashwood; David, E. Bruns. _913069 |
||
| 245 | _aTietz Textbook of Clinical Chemistry and Molecular Diagnostics | ||
| 250 | _a4th ed. | ||
| 260 |
_aU S A: _bElsevier Saunders; _c2006. |
||
| 300 |
_axxxvi, 2412 p.: _bcol.ill; _c29 cm |
||
| 504 | _aIncludes bibliographical references and index. | ||
| 650 |
_aClinical chemistry _9797 |
||
| 650 |
_aLab. diagnosis _913070 |
||
| 942 |
_2z _cSLOAN |
||